[Event "Int SVK-ch Open 2020"]
[Site "Drienica"]
[Date "2020.08.08"]
[Round "2.3"]
[White "Lehocz, Jozsef Jr."]
[Black "Djubek, Boris"]
[Result "0-1"]
[WhiteElo "1596"]
[BlackElo "2019"]
[Annotator "ChessBase"]
[PlyCount "80"]
[EventDate "2020.08.07"]
[EventType "swiss"]
[EventCountry "SVK"]
[SourceTitle "playchess.com"]
[Source "ChessBase"]
[SourceQuality "1"]
[TimeControl "40/5400+30:1800+30"]

1. e4 {[%emt 0:00:00]} e5 {[%emt 0:00:23]} 2. Bc4 {[%emt 0:00:00]} Nf6 {[%emt 0:02:19]} 3. d3 {[%emt 0:01:48]} Nc6 {[%emt 0:00:59]} 4. Nf3 {[%emt 0:00:26]} Be7 {[%emt 0:01:00]} 5. Nc3 {[%emt 0:01:05]} d6 {[%emt 0:00:19]} 6. h3 {[%emt 0:00:28]} Na5 {[%emt 0:03:56]} 7. Bb3 {[%emt 0:06:01]} Nxb3 {[%emt 0:02:12]} 8. axb3 {[%emt 0:00:05]} h6 {[%emt 0:02:47]} 9. Be3 {[%emt 0:00:44]} c5 {[%emt 0:00:30]} 10. Qd2 {[%emt 0:24:05]} Be6 {[%emt 0:01:04]} 11. Ne2 {[%emt 0:02:19]} d5 {[%emt 0:07:53]} 12. exd5 {[%emt 0:02:33]} Bxd5 {[%emt 0:10:03]} 13. Nxe5 {[%emt 0:08:45]} Bxg2 {[%emt 0:06:39]} 14. Rg1 {[%emt 0:00:35]} Bd5 {[%emt 0:06:08]} 15. Rxg7 {[%emt 0:16:09]} Nd7 {[%emt 0:11:36]} 16. Nc4 {[%emt 0:11:55]} b5 {[%emt 0:05:27]} 17. Na3 {[%emt 0:01:48]} Ne5 {[%emt 0:03:34]} 18. Qc1 {[%emt 0:10:28]} Bf6 {[%emt 0:03:53]} 19. Rg3 {[%emt 0:01:06]} Bh4 {[%emt 0:02:13]} 20. Rg7 {[%emt 0:00:51]} Qf6 {[%emt 0:01:30]} 21. Nxb5 {[%emt 0:01:10]} Nf3+ {[%emt 0:02:37]} 22. Kd1 {[%emt 0:00:49]} Qxg7 {[%emt 0:00:40]} 23. Nc7+ {[%emt 0:00:19]} Kd7 {[%emt 0:02:30]} 24. Nxd5 {[%emt 0:00:21]} Qg2 {[%emt 0:00:57]} 25. Ng3 {[%emt 0:01:20]} Bxg3 {[%emt 0:02:05]} 26. c4 {[%emt 0:01:14]} Qf1+ {[%emt 0:02:22]} 27. Kc2 {[%emt 0:00:03]} Qe2+ {[%emt 0:00:24]} 28. Kb1 {[%emt 0:00:35]} Qxd3+ {[%emt 0:00:20]} 29. Ka2 {[%emt 0:00:09]} Be5 {[%emt 0:01:10]} 30. Qh1 {[%emt 0:00:36]} Rab8 {[%emt 0:01:56]} 31. Qd1 {[%emt 0:00:20]} Qxd1 {[%emt 0:02:25]} 32. Rxd1 {[%emt 0:00:02]} Bd4 {[%emt 0:01:52]} 33. Bf4 {[%emt 0:00:24]} Rb7 {[%emt 0:01:20]} 34. Nf6+ {[%emt 0:01:45]} Ke6 {[%emt 0:01:00]} 35. Nd5 {[%emt 0:00:08]} Rg8 {[%emt 0:03:11]} 36. Nc7+ {[%emt 0:00:18]} Kf5 {[%emt 0:00:37]} 37. Bd6 {[%emt 0:00:11]} Rg6 {[%emt 0:02:17]} 38. Bxc5 {[%emt 0:00:50]} Rxc7 {[%emt 0:00:57]} 39. Bxd4 {[%emt 0:00:02]} Ra6+ {[%emt 0:01:06]} 40. Kb1 {[%emt 0:00:07]} Rd7 {[%emt 0:00:20]} 0-1

[Event "Int SVK-ch Open 2020"]
[Site "Drienica"]
[Date "2020.08.08"]
[Round "2.4"]
[White "Istona Martin"]
[Black "Lehocz, Jozsef"]
[Result "1-0"]
[WhiteElo "2267"]
[BlackElo "1959"]
[Annotator "ChessBase"]
[PlyCount "55"]
[EventDate "2020.08.07"]
[EventType "swiss"]
[EventCountry "SVK"]
[SourceTitle "playchess.com"]
[Source "ChessBase"]
[SourceQuality "1"]
[TimeControl "40/5400+30:1800+30"]

1. e4 {[%emt 0:00:00]} Nf6 {[%emt 0:01:14]} 2. e5 {[%emt 0:00:09]} Nd5 {[%emt 0:00:05]} 3. d4 {[%emt 0:00:15]} Nb6 {[%emt 0:00:06]} 4. c4 {[%emt 0:01:07]} d6 {[%emt 0:00:08]} 5. f4 {[%emt 0:00:53]} dxe5 {[%emt 0:01:06]} 6. fxe5 {[%emt 0:00:09]} Nc6 {[%emt 0:04:35]} 7. Be3 {[%emt 0:00:19]} Bf5 {[%emt 0:02:34]} 8. Nc3 {[%emt 0:00:58]} e6 {[%emt 0:02:59]} 9. Nf3 {[%emt 0:03:18]} Be7 {[%emt 0:00:34]} 10. Be2 {[%emt 0:03:59]} Na5 {[%emt 0:17:34]} 11. O-O {[%emt 0:03:45]} O-O {[%emt 0:02:41]} 12. b3 {[%emt 0:07:43]} Bb4 {[%emt 0:11:51]} 13. Qd2 {[%emt 0:01:05]} Nc6 {[%emt 0:07:17]} 14. Rad1 {[%emt 0:04:52]} Ne7 {[%emt 0:02:02]} 15. Qc1 {[%emt 0:01:46]} c6 {[%emt 0:07:00]} 16. h3 {[%emt 0:05:42]} Bg6 {[%emt 0:07:04]} 17. Bf2 {[%emt 0:11:53]} Rc8 {[%emt 0:01:40]} 18. g4 {[%emt 0:11:21]} Qc7 {[%emt 0:02:33]} 19. h4 {[%emt 0:06:00]} h6 {[%emt 0:12:20]} 20. h5 {[%emt 0:07:29]} Bh7 {[%emt 0:00:16]} 21. g5 {[%emt 0:03:50]} Nf5 {[%emt 0:08:27]} 22. Ne4 {[%emt 0:02:16]} Rcd8 {[%emt 0:02:51]} 23. gxh6 {[%emt 0:11:34]} Be7 {[%emt 0:01:19]} 24. hxg7 {[%emt 0:03:12]} Kxg7 {[%emt 0:00:20]} 25. Kh1 {[%emt 0:01:44]} Nxd4 {[%emt 0:01:13]} 26. Rg1+ {[%emt 0:00:21]} Kh8 {[%emt 0:00:04]} 27. Bxd4 {[%emt 0:00:36]} Rxd4 {[%emt 0:00:15]} 28. Qh6 {[%emt 0:00:39]} 1-0

[Event "Int SVK-ch Open 2020"]
[Site "Drienica"]
[Date "2020.08.08"]
[Round "2.4"]
[White "Walterova, Ema"]
[Black "Sevcikova, Lucia"]
[Result "1-0"]
[WhiteElo "1790"]
[BlackElo "2017"]
[Annotator "TA"]
[PlyCount "97"]
[EventDate "2020.08.07"]
[EventType "swiss"]
[EventCountry "SVK"]
[SourceTitle "playchess.com"]
[Source "ChessBase"]
[SourceQuality "1"]

{[%evp 17,97,17,37,37,32,39,63,23,91,101,88,91,162,151,163,108,125,102,107,125,244,241,242,218,266,265,477,470,589,559,671,390,403,407,393,398,541,489,1379,1346,1266,786,726,718,737,684,29988,29987,29987,29988,29987,622,604,584,980,579,573,553,739,735,710,705,1100,989,953,925,825,691,29990,29989,29991,29992,29992,29993,29993,29994,29994,29995,29995,29996,29996,29997]} 1. d4 e6 2. Nf3 d5 3. Bf4 Nf6 4. e3 c5 5. c3 Nc6 6. Nbd2 Bd6 7. Bg3 O-O 8. Bd3 Qe7 9. Ne5 Bxe5 10. dxe5 {D02: 1 d4 d5 2 Nf3 sidelines, including 2...Nf6 3 g3 and 2...Nf6 3 Bf4.} Nd7 11. f4 f5 12. exf6 {White is slightly better.} Qxf6 (12... Nxf6 $11 13. Nf3 c4) 13. O-O $16 {[#]} Qh6 $146 ({Predecessor:} 13... Qf7 14. e4 Nf6 15. e5 Nh5 {½-½ (15) Hardicsay,P (2320)-Vigh,B (2385) Hungary 1998}) 14. e4 d4 (14... Nf6 $16 {was worth a try.}) 15. Nf3 $18 Nf6 16. Qe2 ({White should play} 16. Ng5 $18) 16... Nh5 $16 17. Ng5 Nxg3 18. hxg3 g6 (18... dxc3 $16 19. bxc3 Ne5) 19. Bc4 $18 Re8 20. Qg4 dxc3 21. bxc3 Nd8 $2 (21... Qh5 {was called for.} 22. Qxh5 gxh5) 22. f5 a6 23. fxe6 b5 24. e7+ bxc4 {[#]} 25. exd8=Q $1 {[%mdl 512]} Rxd8 26. Qf4 {Intending Qf7+ and mate.} Rf8 27. Qe5 Bg4 (27... Bb7 $142 28. Rad1 Bxe4 29. Nxe4 Rxf1+ 30. Kxf1 Qh1+ 31. Ke2 Qh5+ 32. Qxh5 gxh5) 28. Qd5+ Kg7 29. Rf7+ Rxf7 30. Qxf7+ Kh8 31. Qf4 {Threatening mate with Nf7+.} Qh5 32. Qe5+ {[%mdl 64] Double Attack} Kg8 33. Qd5+ {[%mdl 64] Double Attack} Kg7 34. Qxa8 (34. Rf1 $142 Bf5 35. exf5 Qxg5 36. f6+ {[%mdl 64] Discovered Attack} Qxf6 37. Rxf6 Ra7 38. Qe5 Rf7 39. Rf1+ Kf8 40. Rd1) 34... Qxg5 {[%mdl 4096] Endgame KQR-KQB} 35. Qb7+ Kh6 36. Qd5 Qe3+ 37. Kh2 Qxc3 38. Rh1 Qd4 39. Qf7 Be2 40. Qf8+ Kh5 41. Qf4 {[%csl Gg3][%cal Rf4h4]} Bg4 42. e5 {aiming for e6!} g5 43. Qf7+ {[%mdl 64] Double Attack. White mates.} Kh6 44. e6 Bh5 45. Qf8+ Qg7 46. e7 c3 47. Kg1 c2 {[#]} 48. Rxh5+ $1 {[%mdl 576] Remove Defender, Promotion} Kxh5 49. e8=Q+ {[%mdl 64] Discovered Attack. Accuracy: White = 68%, Black = 34%.} 1-0

[Event "Int SVK-ch Open 2020"]
[Site "Drienica"]
[Date "2020.08.08"]
[Round "2.5"]
[White "Kucera, Michal"]
[Black "Janik, Marek Tobias"]
[Result "1/2-1/2"]
[WhiteElo "2007"]
[BlackElo "1600"]
[Annotator "ChessBase"]
[PlyCount "83"]
[EventDate "2020.08.07"]
[EventType "swiss"]
[EventCountry "SVK"]
[SourceTitle "playchess.com"]
[Source "ChessBase"]
[SourceQuality "1"]
[TimeControl "40/5400+30:1800+30"]

1. e4 {[%emt 0:00:00]} c5 {[%emt 0:00:00]} 2. Nf3 {[%emt 0:00:00]} Nc6 {[%emt 0:00:00]} 3. d4 {[%emt 0:00:09]} cxd4 {[%emt 0:00:03]} 4. Nxd4 {[%emt 0:00:10]} Nf6 {[%emt 0:00:04]} 5. Nc3 {[%emt 0:00:08]} e5 {[%emt 0:00:07]} 6. Ndb5 {[%emt 0:00:10]} d6 {[%emt 0:00:05]} 7. Bg5 {[%emt 0:00:36]} a6 {[%emt 0:00:47]} 8. Na3 {[%emt 0:00:15]} b5 {[%emt 0:00:04]} 9. Nd5 {[%emt 0:00:07]} Be7 {[%emt 0:00:29]} 10. Bxf6 {[%emt 0:00:54]} Bxf6 {[%emt 0:00:08]} 11. c3 {[%emt 0:00:31]} Bg5 {[%emt 0:06:01]} 12. Nc2 {[%emt 0:03:22]} O-O {[%emt 0:10:13]} 13. a4 {[%emt 0:02:45]} Rb8 {[%emt 0:02:41]} 14. axb5 {[%emt 0:01:05]} axb5 {[%emt 0:00:23]} 15. Bd3 {[%emt 0:02:56]} Be6 {[%emt 0:05:21]} 16. Ncb4 {[%emt 0:04:30]} Nxb4 {[%emt 0:03:02]} 17. Nxb4 {[%emt 0:00:16]} Qd7 {[%emt 0:02:03]} 18. O-O {[%emt 0:08:02]} g6 {[%emt 0:11:24]} 19. Qe2 {[%emt 0:04:39]} Kh8 {[%emt 0:02:01]} 20. Ra5 {[%emt 0:08:34]} f5 {[%emt 0:03:18]} 21. Bxb5 {[%emt 0:03:42]} Qg7 {[%emt 0:04:57]} 22. Bc6 {[%emt 0:06:17]} f4 {[%emt 0:01:08]} 23. f3 {[%emt 0:00:21]} Bd8 {[%emt 0:03:04]} 24. Ra3 {[%emt 0:06:10]} g5 {[%emt 0:01:09]} 25. Bd5 {[%emt 0:02:18]} Bc8 {[%emt 0:03:36]} 26. Rfa1 {[%emt 0:18:19]} g4 {[%emt 0:01:23]} 27. Kf1 {[%emt 0:05:42]} gxf3 {[%emt 0:00:42]} 28. gxf3 {[%emt 0:03:57]} Bb6 {[%emt 0:14:10]} 29. Ke1 {[%emt 0:10:56]} Be3 {[%emt 0:07:53]} 30. Kd1 {[%emt 0:00:20]} Bd7 {[%emt 0:03:41]} 31. Kc2 {[%emt 0:03:51]} Bb5 {[%emt 0:01:08]} 32. c4 {[%emt 0:01:05]} Rfc8 {[%emt 0:01:54]} 33. b3 {[%emt 0:00:46]} Bxc4 {[%emt 0:01:05]} 34. Bxc4 {[%emt 0:01:31]} Rxb4 {[%emt 0:00:22]} 35. Ra8 {[%emt 0:00:27]} Qb7 {[%emt 0:03:09]} 36. Rxc8+ {[%emt 0:00:30]} Qxc8 {[%emt 0:00:05]} 37. Qd3 {[%emt 0:00:22]} Bd4 {[%emt 0:01:03]} 38. Ra4 {[%emt 0:00:34]} Rxa4 {[%emt 0:00:44]} 39. bxa4 {[%emt 0:00:01]} Qh3 {[%emt 0:01:48]} 40. Qe2 {[%emt 0:00:39]} Bg1 {[%emt 0:01:59]} 41. Bb3 {[%emt 0:07:59]} Qxh2 {[%emt 0:11:39]} 42. Qxh2 {[%emt 0:02:06]} 1/2-1/2

[Event "Int SVK-ch Open 2020"]
[Site "Drienica"]
[Date "2020.08.08"]
[Round "2.5"]
[White "Sankova, Stella"]
[Black "Mrvova Alena"]
[Result "1/2-1/2"]
[WhiteElo "1997"]
[BlackElo "2188"]
[Annotator "ChessBase"]
[PlyCount "72"]
[EventDate "2020.08.07"]
[EventType "swiss"]
[EventCountry "SVK"]
[SourceTitle "playchess.com"]
[Source "ChessBase"]
[SourceQuality "1"]
[TimeControl "40/5400+30:1800+30"]

1. e4 {[%emt 0:00:00]} d6 {[%emt 0:00:18]} 2. d4 {[%emt 0:00:14]} g6 {[%emt 0:00:28]} 3. Nc3 {[%emt 0:00:38]} Bg7 {[%emt 0:00:13]} 4. f4 {[%emt 0:00:57]} a6 {[%emt 0:00:36]} 5. Nf3 {[%emt 0:00:32]} Nf6 {[%emt 0:02:15]} 6. Bd3 {[%emt 0:00:53]} O-O {[%emt 0:01:37]} 7. O-O {[%emt 0:01:55]} b5 {[%emt 0:00:28]} 8. Qe1 {[%emt 0:16:36]} b4 {[%emt 0:03:21]} 9. Ne2 {[%emt 0:02:13]} c5 {[%emt 0:01:07]} 10. dxc5 {[%emt 0:18:06]} dxc5 {[%emt 0:00:10]} 11. Be3 {[%emt 0:00:21]} Qc7 {[%emt 0:01:00]} 12. Ne5 {[%emt 0:07:13]} Ng4 {[%emt 0:04:21]} 13. Nxg4 {[%emt 0:02:37]} Bxg4 {[%emt 0:00:07]} 14. e5 {[%emt 0:01:48]} Nd7 {[%emt 0:03:07]} 15. Qh4 {[%emt 0:02:06]} Bxe2 {[%emt 0:02:28]} 16. Bxe2 {[%emt 0:00:07]} Nb6 {[%emt 0:00:20]} 17. Qf2 {[%emt 0:04:40]} Nd5 {[%emt 0:10:33]} 18. Rfd1 {[%emt 0:08:03]} Nxe3 {[%emt 0:03:59]} 19. Qxe3 {[%emt 0:00:05]} Rfd8 {[%emt 0:03:39]} 20. Bc4 {[%emt 0:03:26]} a5 {[%emt 0:02:29]} 21. a4 {[%emt 0:03:19]} Rac8 {[%emt 0:04:47]} 22. b3 {[%emt 0:03:35]} e6 {[%emt 0:01:32]} 23. Qf3 {[%emt 0:02:16]} Bh6 {[%emt 0:03:13]} 24. g3 {[%emt 0:02:33]} Bf8 {[%emt 0:02:14]} 25. Rxd8 {[%emt 0:04:34]} Rxd8 {[%emt 0:00:08]} 26. Rd1 {[%emt 0:00:07]} Rxd1+ {[%emt 0:01:02]} 27. Qxd1 {[%emt 0:00:05]} Qc6 {[%emt 0:00:34]} 28. Qd3 {[%emt 0:02:22]} Kg7 {[%emt 0:00:30]} 29. Qe2 {[%emt 0:00:46]} h6 {[%emt 0:00:21]} 30. h4 {[%emt 0:01:53]} Be7 {[%emt 0:00:26]} 31. Kh2 {[%emt 0:02:35]} Qd7 {[%emt 0:02:42]} 32. Qd3 {[%emt 0:00:15]} Qxd3 {[%emt 0:00:33]} 33. Bxd3 {[%emt 0:00:27]} f6 {[%emt 0:00:07]} 34. exf6+ {[%emt 0:00:56]} Kxf6 {[%emt 0:00:07]} 35. Kg2 {[%emt 0:00:42]} Bd6 {[%emt 0:01:16]} 36. Kf3 {[%emt 0:00:17]} e5 {[%emt 0:00:07]} 1/2-1/2

[Event "Int SVK-ch Open 2020"]
[Site "Drienica"]
[Date "2020.08.08"]
[Round "2.6"]
[White "Kolesar Milan"]
[Black "Skovran, Jaroslav"]
[Result "1-0"]
[WhiteElo "2186"]
[BlackElo "1971"]
[Annotator "ChessBase"]
[PlyCount "75"]
[EventDate "2020.08.07"]
[EventType "swiss"]
[EventCountry "SVK"]
[SourceTitle "playchess.com"]
[Source "ChessBase"]
[SourceQuality "1"]
[TimeControl "40/5400+30:1800+30"]

1. Nf3 {[%emt 0:00:00]} d5 {[%emt 0:00:00]} 2. d4 {[%emt 0:00:00]} Nf6 {[%emt 0:00:00]} 3. c4 {[%emt 0:00:00]} c6 {[%emt 0:00:11]} 4. cxd5 {[%emt 0:00:00]} cxd5 {[%emt 0:00:17]} 5. Nc3 {[%emt 0:00:00]} Nc6 {[%emt 0:00:23]} 6. Bf4 {[%emt 0:00:13]} e6 {[%emt 0:01:14]} 7. e3 {[%emt 0:00:16]} a6 {[%emt 0:00:55]} 8. Bd3 {[%emt 0:01:41]} Be7 {[%emt 0:00:30]} 9. h3 {[%emt 0:00:48]} O-O {[%emt 0:01:17]} 10. O-O {[%emt 0:00:35]} b5 {[%emt 0:00:15]} 11. Rc1 {[%emt 0:01:45]} Bb7 {[%emt 0:00:41]} 12. Qe2 {[%emt 0:04:02]} Qb6 {[%emt 0:02:26]} 13. Rfd1 {[%emt 0:02:39]} Na5 {[%emt 0:01:40]} 14. Na4 {[%emt 0:08:34]} bxa4 {[%emt 0:02:42]} 15. Bc7 {[%emt 0:00:34]} Qa7 {[%emt 0:02:21]} 16. Bxa5 {[%emt 0:00:07]} a3 {[%emt 0:01:01]} 17. b3 {[%emt 0:02:37]} Rfc8 {[%emt 0:01:02]} 18. Bc7 {[%emt 0:04:03]} Ne8 {[%emt 0:02:25]} 19. Be5 {[%emt 0:05:12]} f6 {[%emt 0:02:19]} 20. Bf4 {[%emt 0:06:42]} Nd6 {[%emt 0:00:43]} 21. Bxd6 {[%emt 0:06:12]} Bxd6 {[%emt 0:00:15]} 22. e4 {[%emt 0:01:51]} dxe4 {[%emt 0:11:55]} 23. Bxe4 {[%emt 0:01:12]} Bxe4 {[%emt 0:01:02]} 24. Qxe4 {[%emt 0:00:08]} Qd7 {[%emt 0:00:15]} 25. Rc4 {[%emt 0:11:07]} a5 {[%emt 0:13:56]} 26. Re1 {[%emt 0:06:01]} Re8 {[%emt 0:00:43]} 27. Rec1 {[%emt 0:10:21]} Rad8 {[%emt 0:02:55]} 28. Rc6 {[%emt 0:02:11]} Rc8 {[%emt 0:02:03]} 29. R1c4 {[%emt 0:03:23]} Rxc6 {[%emt 0:03:44]} 30. Rxc6 {[%emt 0:00:04]} Rc8 {[%emt 0:01:04]} 31. d5 {[%emt 0:02:20]} e5 {[%emt 0:01:07]} 32. Nd2 {[%emt 0:04:25]} Re8 {[%emt 0:07:14]} 33. Nc4 {[%emt 0:02:43]} Bb4 {[%emt 0:06:54]} 34. Nb6 {[%emt 0:04:42]} Qf7 {[%emt 0:00:50]} 35. d6 {[%emt 0:01:56]} Rd8 {[%emt 0:00:43]} 36. d7 {[%emt 0:01:44]} g6 {[%emt 0:01:48]} 37. Rc8 {[%emt 0:00:44]} Qf8 {[%emt 0:01:05]} 38. Qa8 {[%emt 0:00:24]} 1-0

[Event "Int SVK-ch Open 2020"]
[Site "Drienica"]
[Date "2020.08.08"]
[Round "2.6"]
[White "Kardis, Benjamin"]
[Black "Ganzova, Veronika"]
[Result "1-0"]
[WhiteElo "2049"]
[BlackElo "1614"]
[Annotator "ChessBase"]
[PlyCount "87"]
[EventDate "2020.08.07"]
[EventType "swiss"]
[EventCountry "SVK"]
[SourceTitle "playchess.com"]
[Source "ChessBase"]
[SourceQuality "1"]
[TimeControl "40/5400+30:1800+30"]

1. d4 {[%emt 0:00:00]} Nf6 {[%emt 0:00:00]} 2. e3 {[%emt 0:00:00]} g6 {[%emt 0:00:23]} 3. Bd3 {[%emt 0:00:16]} Bg7 {[%emt 0:00:17]} 4. c3 {[%emt 0:00:10]} d6 {[%emt 0:00:32]} 5. Ne2 {[%emt 0:01:45]} O-O {[%emt 0:00:46]} 6. e4 {[%emt 0:00:16]} e5 {[%emt 0:01:26]} 7. f3 {[%emt 0:00:31]} Nc6 {[%emt 0:03:58]} 8. Bg5 {[%emt 0:02:22]} h6 {[%emt 0:01:59]} 9. Bh4 {[%emt 0:00:26]} Bd7 {[%emt 0:02:57]} 10. Na3 {[%emt 0:03:13]} a6 {[%emt 0:01:53]} 11. Qd2 {[%emt 0:00:11]} Rb8 {[%emt 0:03:45]} 12. d5 {[%emt 0:00:59]} Ne7 {[%emt 0:02:57]} 13. Bxf6 {[%emt 0:00:12]} Bxf6 {[%emt 0:03:09]} 14. Qxh6 {[%emt 0:00:35]} Nxd5 {[%emt 0:12:53]} 15. h4 {[%emt 0:01:39]} Bg7 {[%emt 0:05:15]} 16. Qd2 {[%emt 0:00:27]} Nf6 {[%emt 0:02:25]} 17. g4 {[%emt 0:00:43]} Nh7 {[%emt 0:06:09]} 18. Nc2 {[%emt 0:03:14]} Be6 {[%emt 0:04:23]} 19. Ne3 {[%emt 0:02:16]} c6 {[%emt 0:01:18]} 20. f4 {[%emt 0:04:48]} exf4 {[%emt 0:01:58]} 21. Nxf4 {[%emt 0:00:06]} Qd7 {[%emt 0:00:28]} 22. Nxe6 {[%emt 0:04:26]} fxe6 {[%emt 0:01:28]} 23. O-O-O {[%emt 0:00:19]} Rf4 {[%emt 0:00:57]} 24. g5 {[%emt 0:03:09]} Rbf8 {[%emt 0:00:45]} 25. Rh2 {[%emt 0:00:13]} Qf7 {[%emt 0:01:08]} 26. Re1 {[%emt 0:01:54]} Rf2 {[%emt 0:01:45]} 27. Re2 {[%emt 0:01:15]} Rxh2 {[%emt 0:01:10]} 28. Rxh2 {[%emt 0:00:04]} Qf4 {[%emt 0:00:08]} 29. Nc4 {[%emt 0:05:12]} Qg3 {[%emt 0:03:31]} 30. Rg2 {[%emt 0:04:23]} Qxh4 {[%emt 0:01:17]} 31. Kc2 {[%emt 0:05:59]} d5 {[%emt 0:03:56]} 32. exd5 {[%emt 0:00:16]} exd5 {[%emt 0:01:14]} 33. Na5 {[%emt 0:06:10]} Qa4+ {[%emt 0:03:23]} 34. Nb3 {[%emt 0:00:05]} d4 {[%emt 0:03:49]} 35. cxd4 {[%emt 0:05:19]} Bxd4 {[%emt 0:00:30]} 36. Bxg6 {[%emt 0:00:36]} Qc4+ {[%emt 0:02:57]} 37. Kb1 {[%emt 0:00:15]} Rf1+ {[%emt 0:06:02]} 38. Nc1 {[%emt 0:00:29]} Rh1 {[%emt 0:03:46]} 39. Qf4 {[%emt 0:04:49]} c5 {[%emt 0:08:18]} 40. Bc2 {[%emt 0:01:52]} Qf1 {[%emt 0:02:57]} 41. Bxh7+ {[%emt 0:36:28]} Kxh7 {[%emt 0:30:15]} 42. Rh2+ {[%emt 0:00:21]} Kg7 {[%emt 0:00:00]} 43. Qc7+ {[%emt 0:00:00]} Kg6 {[%emt 0:00:00]} 44. Qh7+ {[%emt 0:00:00]} 1-0

[Event "Int SVK-ch Open 2020"]
[Site "Drienica"]
[Date "2020.08.08"]
[Round "2.7"]
[White "Sedlakova, Ivana"]
[Black "Bombek Peter"]
[Result "1/2-1/2"]
[WhiteElo "1995"]
[BlackElo "2165"]
[Annotator "TA"]
[PlyCount "94"]
[EventDate "2020.08.07"]
[EventType "swiss"]
[EventCountry "SVK"]
[SourceTitle "playchess.com"]
[Source "ChessBase"]
[SourceQuality "1"]

{[%evp 27,94,0,0,-12,13,-8,-10,-11,-28,-43,-35,-31,-30,-40,-46,-39,-39,-85,-11,-18,-25,-26,-21,-142,0,-6,0,0,0,-142,0,0,0,-7,0,0,8,12,25,2,0,0,33,16,11,0,0,0,0,0,0,0,0,0,0,-51,-27,-10,-6,-18,-17,-17,0,0,0,0,0,0,0]} 1. d4 d5 2. c4 e6 3. Nc3 Nf6 4. Bg5 Be7 5. Nf3 O-O 6. e3 h6 7. Bh4 b6 8. cxd5 Nxd5 9. Bxe7 Qxe7 10. Nxd5 exd5 11. Rc1 Be6 12. Bd3 c5 13. dxc5 bxc5 14. O-O Nd7 15. Bb1 {D59: Queen's Gambit Declined: Tartakower Defence: Main line (8 cxd5 Nxd5).} Rfd8 16. Qc2 {[#] Intending Qh7+ and mate.} g6 17. e4 {[#]} d4 $146 ({Predecessor:} 17... Kg7 18. Rfe1 Qf6 19. exd5 Bxd5 20. Re3 c4 21. Rce1 Rab8 22. Ne5 Nxe5 23. Rxe5 Be6 {1-0 (36) Danner,G (2395)-Wagman,S (2255) Reggio Emilia 1982}) 18. Nd2 Rac8 19. b3 Ne5 20. f4 Ng4 {[#] Strongly threatening ...c4!} 21. Qd3 Ne3 22. Rfe1 Qh4 (22... Qc7 $17 23. e5 Qb6) 23. g3 $1 $11 {[%cal Rg3h4]} Qh3 {[%csl Ge3][%cal Rh3g2]} 24. Qe2 $1 h5 25. Nf1 (25. Bd3 $11) 25... Nxf1 (25... Bg4 $17 26. Qf2 Nxf1 27. Rxf1 d3) 26. Qxf1 Qxf1+ 27. Rxf1 c4 28. bxc4 (28. f5 $11 {was the only way to keep the balance.} gxf5 29. exf5) 28... Bxc4 (28... d3 $17 {aiming for ...d2.} 29. f5 d2 30. fxe6 dxc1=N 31. exf7+ Kf8 32. Rxc1 Kxf7) 29. Rfd1 Kf8 30. Rd2 Ke7 31. Kf2 Ba6 (31... a5 {is interesting.} 32. Rcd1 Rb8 33. Rc1 Rb4 34. a3 Ra4) 32. Rxc8 Bxc8 {[%mdl 4096] Endgame KRB-KRB} 33. Bd3 Be6 34. Rb2 Kd6 35. Ke2 Rc8 36. Kd2 Rc5 37. Rb4 Ra5 $1 {[%cal Ra5a2]} 38. Rxd4+ Kc5 39. Ke3 {Black should prevent a4.} Rxa2 40. f5 Bb3 41. Rd7 (41. fxg6 $11 fxg6 42. Rd7) 41... gxf5 $15 42. exf5 Kc6 {The position is equal.} 43. Re7 Kd6 44. f6 a5 45. Be2 h4 46. gxh4 Ra4 47. Bh5 Rxh4 {[%mdl 64] Double Attack. Accuracy: White = 81%, Black = 82%.} 1/2-1/2